000 01431nam a2200373 a 4500
001 ebr2002413
003 CaPaEBR
006 m u
007 cr cn|||||||||
008 010116s2000 enka s 001 0 eng
010 _z 00032838
015 _aGBA1-5149
016 7 _a0415205344
_2Uk
020 _z0415205344(cased)
020 _z0415205352(pbk.)
040 _aCaPaEBR
_cCaPaEBR
035 _a(OCoLC)70727803
050 1 4 _aHF5548.35
_b.H39 2000eb
082 0 4 _a005.8
_221
100 1 _aHawker, Andrew.
245 1 0 _aSecurity and control in information systems
_h[electronic resource] :
_ba guide for business and accounting /
_cAndrew Hawker.
260 _aLondon :
_bRoutledge,
_c2000.
300 _aix, 332 p. :
_bill.
490 1 _aRoutledge information systems textbooks ;
_v1
500 _aIncludes index.
533 _aElectronic reproduction.
_bPalo Alto, Calif. :
_cebrary,
_d2013.
_nAvailable via World Wide Web.
_nAccess may be limited to ebrary affiliated libraries.
650 0 _aElectronic data processing departments
_xAuditing.
650 0 _aComputer security.
650 0 _aInformation technology
_xSecurity measures.
655 7 _aElectronic books.
_2local
710 2 _aebrary, Inc.
830 0 _aRoutledge information systems textbooks ;
_v1.
856 4 0 _uhttp://site.ebrary.com/lib/rucke/Doc?id=2002413
_zAn electronic book accessible through the World Wide Web; click to view
999 _c127072
_d127072